The Gir Lion sanctuary Project: (Donated by Mr. Ranganathan) (Record no. 604519)

MARC details
000 -LEADER
fixed length control field 00507nam a2200145Ia 4500
008 - FIXED-LENGTH DATA ELEMENTS--GENERAL INFORMATION
fixed length control field 100415s9999 xx 000 0 und d
082 ## - DEWEY DECIMAL CLASSIFICATION NUMBER
Item number 21637
Classification number 599.7442(5475)
100 ## - MAIN ENTRY--PERSONAL NAME
Personal name GOVERNMENT OF GUJARAT
245 ## - TITLE STATEMENT
Title The Gir Lion sanctuary Project: (Donated by Mr. Ranganathan)
260 ## - PUBLICATION, DISTRIBUTION, ETC. (IMPRINT)
Place of publication, distribution, etc GANDHINAGAR
Date of publication, distribution, etc 1975
Name of publisher, distributor, etc GOVT.OF GUJARAT
365 ## - TRADE PRICE
Price amount 1
630 ## - SUBJECT ADDED ENTRY--UNIFORM TITLE
Uniform title The Gir Lion sanctuary Project: (Donated by Mr. Ranganathan)
730 ## - ADDED ENTRY--UNIFORM TITLE
Uniform title The Gir Lion sanctuary Project: (Donated by Mr. Ranganathan)
942 ## - ADDED ENTRY ELEMENTS (KOHA)
Koha item type Book
Holdings
Withdrawn status Lost status Damaged status Not for loan Home library Current library Date acquired Cost, normal purchase price Total Checkouts Full call number Barcode Date last seen Price effective from Koha item type
        Bombay Natural History Society Bombay Natural History Society 01/16/2006 1.00   599.7442(5475) 21637 BNHS-21637 04/15/2010 04/15/2010 Book